Football par lettre - I - Statistiques

Statistiques générales
  • Ce quiz a été pris 159 fois
  • Le résultat moyen est 11 sur 15
Statistiques - réponses
Questions Réponses % Correct
Quel milieu de terrain barcelonais est considéré comme le meilleur de l'histoire à son poste ? Andrés Iniesta
99%
Quel géant suédois charismatique n'a jamais remporté la Ligue des Champions malgré son passage dans d'immenses clubs européens ? Zlatan Ibrahimovic
99%
Quel pays a remporté les Euros 1968 et 2021 ? Italie
90%
Pour quelle nation George Best évoluait-il ? Irlande du Nord
89%
Quel milieu offensif espagnol a brillé du côté du Réal Madrid et évolue désormais au Bétis Séville ? Isco
88%
Quel attaquant suédois a fait parler de lui durant l'été 2025, pour son transfert de Newcastle à Liverpool ? Alexander Isak
87%
Quel attaquant italien, double buteur en finale de Ligue des Champions 2007, à un frère également joueur professionnel et entraîneur réputé ? Filippo Inzaghi
86%
Quel attaquant italien est le meilleur buteur de l'histoire de la Lazio de Rome ? Ciro Immobile
73%
Quel petit ailier italien a évolué la majeure partie de sa carrière au Napoli pour ensuite terminer sa carrière aux Etats-Unis ? Lorenzo Insigne
72%
Quel attaquant argentin a brillé du côté de l'Inter Milan entre 2013 et 2020 ? Mauro Icardi
72%
Quel attaquant français a permis, avec Jonathan Bamba et Nicolas Pépé, au LOSC, de remporter la Ligue 1, en 2020/2021 ? Jonathan Ikone
70%
Quel club anglais a remporté un titre de champion d'Angleterre en 1962 ? Ipswich Town
69%
Quel défenseur serbe polyvalent a remporté la Ligue des Champions avec Chelsea en 2012 ? Branislav Ivanovic
66%
Quel attaquant slovène a connu une traversée du désert après de bonnes performances à l'Atalanta Bergame à la fin des années 2010 ? Josip Ilicic
49%
Quel attaquant italien, entré en jeu contre la France en 2006, a remporté la Coupe du Monde ? Vincenzo Iaquinta
18%
Aucun quiz correspondant
Distribution des résultats
% des personnes avec chaque résultat
Percentile par nombre de réponses
Votre historique - résultats
Vous n’avez pas pris ce quiz